000 00262nam a22001097a 4500
008 170111b xxu||||| |||| 00| 0 eng d
020 _a0838536689
041 _aeng
080 _a618.2
245 _aHEALTH PROMOTION NURSING PRACTICE
_cPENDER, N.J
942 _2udc
_cBK
999 _c2720
_d2720